000 01507nam a2200385 c 4500
003 BLK
005 20230322105505.0
008 180411b bul|||||r ||||||| ||bul||
010 _aKNG00181435000
020 _a978-954-8702-33-1
_bиздат.: Минерва
040 _aBLK
041 _aBUL
_cBUL
072 7 _2bullib
_aН33
_xИкономика Н
080 _aЕвропейски съюз (икон. аспекти)
_b339.923:061.1ЕС
_x
_z339.923:061.1ЕС
100 1 _aШикова, Ингрид Симеонова
_9368456
139 _aШикова, Ингрид Симеонова
_bШ 63
245 1 0 _aЕвропейски фондове, програми, проекти 2014 - 2020
_cИнгрид Симеонова Шикова.
257 _aBGR
260 София
_bМинерва
_c2015
300 _a272 с.
_c23 см
380 _a3
500 _aБиблиогр. с. 269-271.
650 4 _aЕвропейски съюз - програми
_9274379
650 4 _aЕвропейски съюз - финанси
_9280396
651 4 _aЕвропейски съюз
_9258188
653 _aевропейски програми и проекти
653 _aфинанси
653 _aевропейски фондове и фондации
659 _aН
852 _aЦб 276648
856 4 _qpdf
_u
856 4 _qpdf
_u
942 _cKNG
_n0
_01
944 _aCR
_c10.09.2015
_lф /
_kВиолета_Тройчева
944 _aED
_c24.11.2015
_lф /
_kЛюдмила_Стоянова
999 _c173060
_d173060